000 00223nam a2200097Ia 4500
008 190216s9999||||xx |||||||||||||| ||und||
100 _aSister Mery Baneeja C D
245 0 _aEnglish Literature
260 _bNull
942 _cBK
999 _c11977
_d11977